000 00381pab a2200133 454500
008 180718b xxu||||| |||| 00| 0 eng d
100 _aMaitra Priyatosh
245 _aImported capitalism, class and mal-development
362 _a(3) 90, p. 33-57
650 _a Mark, Karl -- On Capitalism
650 _aCapitalism
773 _aJournal of Social and Economic Studies
909 _a24678
999 _c24678
_d24678